| 000 | 01128cam a2200337 a 4500 | ||
|---|---|---|---|
| 001 | 200442162 | ||
| 999 |
_c200442162 _d60374 |
||
| 003 | TR-AnTOB | ||
| 005 | 20250811154902.0 | ||
| 007 | ta | ||
| 008 | 080721e2020####tu#a###g######000|0dtur|d | ||
| 020 |
_a9786057483010 _q(hardback) |
||
| 040 |
_aANKA _beng _erda _cANKA _dTR-AnTOB |
||
| 041 | 0 | _atur | |
| 050 | 4 |
_aNC1660.T9 _bÖ573 2020 |
|
| 090 |
_aNC1660.T9 _bÖ573 2020 |
||
| 100 | 1 |
_aÖnsal, Naci _eyazar _975283 |
|
| 245 | 1 | 0 |
_aKarikatür notları-4 / _cNaci Önsal. |
| 246 | _aKarikatür notları - 4 | ||
| 250 | _a1. basım. | ||
| 264 |
_aAnkara : _bTürk Metal Sendikası Araştırma ve Eğitim Merkezi Yayınları, _c2020. |
||
| 300 |
_a162 pages : _billustrations ; _c30 cm |
||
| 336 |
_atext _2 rdacontent _btxt |
||
| 336 |
_astill image 2 rdacontent _2rdacontent _btxt |
||
| 337 |
_aunmediated _2 rdamedia _bn |
||
| 338 |
_avolume _2 rdacarrier _bnc |
||
| 490 | 0 |
_aTürk Metal Sendikası Araştırma ve Eğitim Merkezi yayınları ; _v50 |
|
| 504 | _aBibliography: pages 152-156. | ||
| 650 | 7 |
_aKarikatürler _zTürkiye _2etuturkob _945296 |
|
| 942 |
_2lcc _cBK |
||